[Event "Norderstedt op 5th"]
[Site "Norderstedt"]
[Date "2005.03.28"]
[Round "7.6"]
[White "Milajev, Mihail"]
[Black "Carlstedt, Jonathan"]
[Result "1-0"]
[WhiteElo "2137"]
[BlackElo "1999"]
[PlyCount "105"]
[EventDate "2005.03.27"]
[EventType "swiss"]
[EventRounds "7"]
[EventCountry "GER"]
[SourceTitle "EXT 2006"]
[Source "ChessBase"]
[SourceDate "2005.11.24"]
[SourceVersion "1"]
[SourceVersionDate "2005.11.24"]
[SourceQuality "1"]

1. e4 c5 2. Nf3 d6 3. d4 cxd4 4. Nxd4 Nf6 5. Nc3 g6 6. Be3 Bg7 7. Be2 0-0 8. 0-0 Nc6 9. Qd2 d5 10. exd5 Nxd5 11. Nxd5 Qxd5 12. Bf3 Qd7 13. Nxc6 bxc6 14. Qxd7 Bxd7 15. Rfd1 Bf5 16. c3 Rab8 17. Rd2 Rfd8 18. Rxd8+ Rxd8 19. Bxc6 Rb8 20. Bxa7 Rxb2 21. Bd4 e5 22. Bc5 Re2 23. Bb4 e4 24. Ba4 Rb2 25. Rd1 Bf6 26. Bb3 Bg4 27. Re1 e3 28. f3 Bxf3 29. gxf3 Bh4 30. Rc1 Bg5 31. Bc5 Bf4 32. Rc2 e2 33. Kf2 Rb1 34. Rxe2 Bxh2 35. Re8+ Kg7 36. Bd4+ Kh6 37. Bxf7 Kg5 38. Re2 h5 39. Re6 Rb2+ 40. Ke3 Bf4+ 41. Kd3 h4 42. Rxg6+ Kf5 43. Be3 h3 44. Bxf4 Kxf4 45. Rh6 h2 46. Rh3 Ke5 47. a4 Kd6 48. a5 Kc5 49. Rh6 Rb7 50. Be6 Ra7 51. Rxh2 Kd6 52. Rh6 Rxa5 53. f4 1-0

[Event "Norderstedt op 5th"]
[Site "Norderstedt"]
[Date "2005.03.28"]
[Round "6.9"]
[White "Schneider, Ulf"]
[Black "Milajev, Mihail"]
[Result "0-1"]
[WhiteElo "1768"]
[BlackElo "2137"]
[PlyCount "80"]
[EventDate "2005.03.27"]
[EventType "swiss"]
[EventRounds "7"]
[EventCountry "GER"]
[SourceTitle "EXT 2006"]
[Source "ChessBase"]
[SourceDate "2005.11.24"]
[SourceVersion "1"]
[SourceVersionDate "2005.11.24"]
[SourceQuality "1"]

1. e4 d6 2. d4 g6 3. Nf3 Bg7 4. Be3 Nf6 5. Bd3 0-0 6. c3 b6 7. 0-0 Ba6 8. Bxa6 Nxa6 9. Qd3 Qc8 10. b4 c5 11. b5 c4 12. Qc2 Nc7 13. a4 a6 14. Na3 axb5 15. axb5 d5 16. exd5 Ncxd5 17. Nd2 Nxe3 18. fxe3 Ng4 19. Naxc4 Rxa1 20. Rxa1 Qc7 21. g3 h5 22. Qe4 Bh6 23. Ra8 Qd7 24. Rxf8+ Kxf8 25. Ne5 Qxb5 26. Nxg4 hxg4 27. c4 Qb2 28. Qd3 Qc1+ 29. Kf2 Qh1 30. Nf1 Qf3+ 31. Ke1 f5 32. Qe2 Qe4 33. Nd2 Qxe3 34. Qxe3 Bxe3 35. Nb3 g5 36. d5 f4 37. Nd2 Bxd2+ 38. Kxd2 Kf7 39. Kd3 Kf6 40. Kd4 Kf5 0-1

[Event "Hamburg HSK Elo op 4th"]
[Site "Hamburg"]
[Date "2003.05.04"]
[Round "5"]
[White "Toparlak, Afsin"]
[Black "Milajev, Mihail"]
[Result "1/2-1/2"]
[WhiteElo "1946"]
[BlackElo "2127"]
[PlyCount "93"]
[EventDate "2003.05.01"]
[EventType "swiss"]
[EventRounds "7"]
[EventCountry "GER"]
[SourceTitle "EXT 2019"]
[Source "ChessBase"]
[SourceDate "2018.10.10"]
[SourceVersion "1"]
[SourceVersionDate "2018.10.10"]
[SourceQuality "1"]

1. e4 e6 2. d4 d5 3. e5 c5 4. c3 Nc6 5. Nf3 cxd4 6. cxd4 Nge7 7. Bd2 Qb6 8. Bc3 Ng6 9. a3 Bd7 10. g3 f6 11. exf6 gxf6 12. h4 0-0-0 13. Bg2 h5 14. 0-0 Bd6 15. b4 Rdg8 16. b5 Nce7 17. Bb4 Bxb4 18. axb4 Bxb5 19. Nc3 Bxf1 20. Bxf1 Nf5 21. Nxd5 exd5 22. Qc2+ Kb8 23. Qxf5 Ne7 24. Qd7 Nc6 25. Qd6+ Qc7 26. Qxd5 Nxb4 27. Qf5 Rd8 28. Bg2 Rd6 29. Ra4 Qc2 30. Qf4 Qb1+ 31. Kh2 Rhd8 32. Nd2 Nd3 33. Qxd6+ Rxd6 34. Nxb1 Nxf2 35. Nc3 a6 36. d5 Ng4+ 37. Kg1 Rb6 38. Rf4 Rb3 39. Ne4 Rb1+ 40. Bf1 Ne3 41. Nxf6 a5 42. d6 b5 43. Ne4 Kb7 44. Rf7+ Kb6 45. Nd2 Rd1 46. Ne4 a4 47. Nc3 1/2-1/2

[Event "Hamburg HSK Elo op 3rd"]
[Site "Hamburg"]
[Date "2002.05.10"]
[Round "4"]
[White "Milajev, Mihail"]
[Black "Schubert, Silke"]
[Result "1-0"]
[WhiteElo "2141"]
[BlackElo "2080"]
[PlyCount "59"]
[EventDate "2002.05.09"]
[EventType "swiss"]
[EventRounds "7"]
[EventCountry "GER"]
[SourceTitle "CBM 088 Extra"]
[Source "ChessBase"]
[SourceDate "2002.07.01"]
[SourceVersion "2"]
[SourceVersionDate "2002.07.01"]
[SourceQuality "1"]

1. e4 e5 2. Nf3 d5 3. exd5 Bd6 4. d3 Ne7 5. c4 c6 6. dxc6 Nbxc6 7. Nc3 Bg4 8. h3 Bxf3 9. Qxf3 Nd4 10. Qd1 Nec6 11. Be2 0-0 12. 0-0 f5 13. Bf3 Qh4 14. Bxc6 bxc6 15. Be3 Ne6 16. Qa4 Nd4 17. Bxd4 exd4 18. c5 Be5 19. Ne2 Rae8 20. Qxc6 Kh8 21. Rae1 Bb8 22. Qf3 g5 23. Ng3 f4 24. Rxe8 Rxe8 25. Nf5 g4 26. Nxh4 gxf3 27. Nxf3 Re2 28. Nxd4 Rxb2 29. Nf5 Rxa2 30. Rb1 1-0

[Event "Hamburg HSK Elo op 3rd"]
[Site "Hamburg"]
[Date "2002.05.10"]
[Round "3"]
[White "Ritz, Olaf"]
[Black "Milajev, Mihail"]
[Result "0-1"]
[WhiteElo "2073"]
[BlackElo "2141"]
[PlyCount "60"]
[EventDate "2002.05.09"]
[EventType "swiss"]
[EventRounds "7"]
[EventCountry "GER"]
[SourceTitle "CBM 088 Extra"]
[Source "ChessBase"]
[SourceDate "2002.07.01"]
[SourceVersion "2"]
[SourceVersionDate "2002.07.01"]
[SourceQuality "1"]

1. e4 c5 2. d3 Nc6 3. g3 d6 4. Bg2 Nf6 5. f4 g6 6. Nf3 Bg7 7. 0-0 0-0 8. Nc3 Bd7 9. h3 e5 10. f5 gxf5 11. Nh4 fxe4 12. dxe4 Nd4 13. Bg5 h6 14. Bxf6 Bxf6 15. Nf5 Nxf5 16. exf5 Bc6 17. Bxc6 bxc6 18. Ne4 d5 19. Nxc5 Qb6 20. b4 e4 21. Rb1 a5 22. Kh1 Rad8 23. a3 axb4 24. axb4 Kh7 25. Qh5 Qc7 26. g4 Rg8 27. h4 Qg3 28. g5 Qh3+ 29. Kg1 Bxg5 30. Qxf7+ Kh8 0-1

[Event "Wichern op 6th"]
[Site "Hamburg"]
[Date "2001.10.21"]
[Round "9.51"]
[White "Schuettler, Thomas"]
[Black "Milajev, Mihail"]
[Result "0-1"]
[WhiteElo "1838"]
[BlackElo "2018"]
[PlyCount "128"]
[EventDate "2001.10.21"]
[EventType "swiss"]
[EventRounds "9"]
[EventCountry "GER"]
[SourceTitle "EXT 2002"]
[Source "ChessBase"]
[SourceDate "2001.11.25"]
[SourceVersion "1"]
[SourceVersionDate "2001.11.25"]
[SourceQuality "1"]

1. d4 Nf6 2. c4 g6 3. Nc3 Bg7 4. g3 d6 5. Bg2 0-0 6. Nf3 c5 7. Bg5 Nbd7 8. 0-0 a6 9. Rc1 Rb8 10. a4 b6 11. Qd2 e6 12. d5 e5 13. h4 Qc7 14. Bh6 b5 15. Bxg7 Kxg7 16. axb5 axb5 17. Nxb5 Qb6 18. Nc3 Qxb2 19. Rb1 Qxd2 20. Nxd2 Ba6 21. Ra1 Rb6 22. Ra4 Ne8 23. Bh3 f5 24. e4 Nc7 25. exf5 gxf5 26. Rfa1 Rf7 27. Bf1 Nf6 28. Rb1 Rxb1 29. Ndxb1 f4 30. Na3 fxg3 31. fxg3 h6 32. Ra5 Nfe8 33. Nab5 Rf3 34. Kg2 Rf7 35. Nxc7 Nxc7 36. Ra2 Bc8 37. Ne4 Ne8 38. Be2 Bf5 39. Nf2 Nf6 40. Ra6 Rd7 41. g4 Be4+ 42. Nxe4 Nxe4 43. Kf3 Nd2+ 44. Ke3 Nb3 45. Bd1 Nd4 46. Ba4 Rd8 47. Ra7+ Kg6 48. Rd7 Rxd7 49. Bxd7 Kf6 50. Ba4 Ke7 51. Bd1 Kf6 52. Ba4 Kg7 53. Bd7 Nc2+ 54. Ke2 Kf6 55. Bc8 e4 56. Bd7 Ke5 57. g5 h5 58. Ba4 Nd4+ 59. Kf2 Nf5 60. Bd1 Nxh4 61. Bxh5 Kf5 62. Kg3 Kxg5 63. Bd1 Nf5+ 64. Kf2 Kf4 0-1

[Event "Wichern op 6th"]
[Site "Hamburg"]
[Date "2001.10.19"]
[Round "7.46"]
[White "Hjorth, Mikkel Schmidt"]
[Black "Milajev, Mihail"]
[Result "1/2-1/2"]
[WhiteElo "1897"]
[BlackElo "2018"]
[PlyCount "125"]
[EventDate "2001.10.21"]
[EventType "swiss"]
[EventRounds "9"]
[EventCountry "GER"]
[SourceTitle "EXT 2002"]
[Source "ChessBase"]
[SourceDate "2001.11.25"]
[SourceVersion "1"]
[SourceVersionDate "2001.11.25"]
[SourceQuality "1"]

1. g3 Nf6 2. Bg2 d5 3. f4 g6 4. Nf3 Bg7 5. d3 c6 6. e3 Qb6 7. Qe2 Bg4 8. h3 Bxf3 9. Bxf3 0-0 10. c3 Nbd7 11. e4 e5 12. Be3 Qa6 13. 0-0 dxe4 14. dxe4 Qxe2 15. Bxe2 Nxe4 16. Kg2 exf4 17. Bxf4 Nb6 18. Na3 Nd5 19. Bc4 Nxf4+ 20. Rxf4 Nd6 21. Bb3 Rae8 22. Raf1 Be5 23. Ra4 a6 24. Nc4 Nf5 25. Nxe5 Rxe5 26. Rf2 h5 27. Raf4 Kg7 28. Kh2 b5 29. Bc2 Ne3 30. Bd3 Nd5 31. Rd4 c5 32. Re4 Rfe8 33. Rxe5 Rxe5 34. c4 Nc7 35. cxb5 axb5 36. b3 b4 37. a4 bxa3 38. Ra2 Ne8 39. Rxa3 Re3 40. Bc4 Nd6 41. Ra4 Nf5 42. Ra5 Nxg3 43. Rxc5 Ne4 44. Rc7 Ng5 45. Kg2 h4 46. b4 Rg3+ 47. Kf1 Rxh3 48. b5 Rh1+ 49. Kg2 Rb1 50. Re7 Rb2+ 51. Re2 Rb4 52. Rc2 Ne4 53. Bd3 f5 54. Rc6 h3+ 55. Kh2 Rb2+ 56. Rc2 Rb3 57. Bc4 Rb4 58. Bf1 Nd6 59. Rc5 Rb3 60. Rd5 Ne4 61. Bxh3 Rb2+ 62. Kg1 Kh6 63. Bxf5 1/2-1/2

[Event "Wichern op 6th"]
[Site "Hamburg"]
[Date "2001.10.16"]
[Round "4.60"]
[White "Milajev, Mihail"]
[Black "Badih, Richard Ernest"]
[Result "1-0"]
[WhiteElo "2018"]
[BlackElo "1667"]
[PlyCount "103"]
[EventDate "2001.10.21"]
[EventType "swiss"]
[EventRounds "9"]
[EventCountry "GER"]
[SourceTitle "EXT 2002"]
[Source "ChessBase"]
[SourceDate "2001.11.25"]
[SourceVersion "1"]
[SourceVersionDate "2001.11.25"]
[SourceQuality "1"]

1. e4 c5 2. Nf3 Nc6 3. d4 cxd4 4. Nxd4 Nf6 5. Nc3 e6 6. a3 Be7 7. Be3 d6 8. Be2 a6 9. Qd2 Bd7 10. 0-0 0-0 11. Rad1 b5 12. f3 Rc8 13. Nxc6 Bxc6 14. Bd3 Nd7 15. Ne2 Ne5 16. Nd4 Nxd3 17. Nxc6 Rxc6 18. Qxd3 Qc7 19. c3 Rd8 20. Rd2 d5 21. Rfd1 Bd6 22. g3 Bxa3 23. bxa3 Rxc3 24. Qd4 Rxa3 25. Qb6 Qxb6 26. Bxb6 Rd7 27. exd5 exd5 28. Rxd5 Rxd5 29. Rxd5 f6 30. f4 b4 31. f5 g6 32. fxg6 hxg6 33. Ra5 Rxa5 34. Bxa5 b3 35. Bc3 Kf7 36. Kf2 Ke6 37. Ke3 Kf5 38. h3 Kg5 39. Ke4 f5+ 40. Kf3 a5 41. h4+ Kh5 42. Kf4 a4 43. Bb2 Kh6 44. Ba3 Kh5 45. Bc1 Kh6 46. g4 fxg4 47. Kxg4+ Kh7 48. Kg5 Kg7 49. Ba3 Kf7 50. Bb2 a3 51. Bxa3 Kg7 52. Bc1 1-0

[Event "Wichern op 6th"]
[Site "Hamburg"]
[Date "2001.10.15"]
[Round "3.67"]
[White "Knop, Hauke"]
[Black "Milajev, Mihail"]
[Result "1-0"]
[WhiteElo "1821"]
[BlackElo "2018"]
[PlyCount "92"]
[EventDate "2001.10.21"]
[EventType "swiss"]
[EventRounds "9"]
[EventCountry "GER"]
[SourceTitle "EXT 2002"]
[Source "ChessBase"]
[SourceDate "2001.11.25"]
[SourceVersion "1"]
[SourceVersionDate "2001.11.25"]
[SourceQuality "1"]

1. d4 Nf6 2. c4 g6 3. Nc3 Bg7 4. e4 d6 5. f3 Nbd7 6. Nh3 0-0 7. Bg5 c5 8. d5 a6 9. a4 Rb8 10. Qd2 Qa5 11. Ra3 Qc7 12. Be2 b6 13. 0-0 Bb7 14. Nf2 Qd8 15. f4 h6 16. Bh4 Nh7 17. Kh1 Bc8 18. Bg3 Ndf6 19. e5 Nd7 20. Nd3 Bb7 21. Bf3 Qc7 22. Qe3 Rfe8 23. e6 Ndf6 24. f5 g5 25. Qe2 fxe6 26. fxe6 Rf8 27. Nf2 Ba8 28. Raa1 b5 29. axb5 axb5 30. Nxb5 Rxb5 31. cxb5 Bxd5 32. Bxd5 Nxd5 33. Nd3 Nhf6 34. Rac1 Qb6 35. Nf2 Nc7 36. Ne4 Nxb5 37. Qd3 Nd4 38. Nxf6+ exf6 39. e7 Re8 40. Qc4+ d5 41. Qxd5+ Qe6 42. Qxe6+ Nxe6 43. Bd6 Kf7 44. g4 h5 45. h3 Nd4 46. Rxc5 f5 1-0

[Event "Wichern op 6th"]
[Site "Hamburg"]
[Date "2001.10.13"]
[Round "1.21"]
[White "Voigt, Martin"]
[Black "Milajev, Mihail"]
[Result "1-0"]
[WhiteElo "2300"]
[BlackElo "2018"]
[PlyCount "107"]
[EventDate "2001.10.21"]
[EventType "swiss"]
[EventRounds "9"]
[EventCountry "GER"]
[SourceTitle "EXT 2002"]
[Source "ChessBase"]
[SourceDate "2001.11.25"]
[SourceVersion "1"]
[SourceVersionDate "2001.11.25"]
[SourceQuality "1"]

1. e4 e5 2. d4 exd4 3. c3 dxc3 4. Bc4 Nc6 5. Nf3 d6 6. Nxc3 Be6 7. Bxe6 fxe6 8. Qb3 Qc8 9. Ng5 Nd8 10. f4 h6 11. Nf3 Nf6 12. e5 Nd7 13. Qc2 Be7 14. Qg6+ Nf7 15. Qxe6 Nc5 16. Qg6 dxe5 17. Nxe5 0-0 18. Nxf7 Rxf7 19. 0-0 Qf5 20. Qxf5 Rxf5 21. g4 Rf7 22. f5 Nd3 23. Nd5 Bc5+ 24. Be3 Bxe3+ 25. Nxe3 Re8 26. Ng2 Nxb2 27. Rab1 Re2 28. Nf4 Rc2 29. Rf2 Rxf2 30. Kxf2 Nc4 31. Rxb7 c6 32. Rb8+ Rf8 33. Rxf8+ Kxf8 34. Ne6+ Kg8 35. h3 Ne5 36. Ke3 Nd7 37. Kd4 Kh7 38. Nd8 c5+ 39. Kd5 g6 40. Ne6 gxf5 41. gxf5 Kg8 42. Nxc5 Nf8 43. h4 Kf7 44. Ke5 Ke7 45. h5 Nh7 46. Ne4 Nf8 47. f6+ Kd7 48. Ng3 Ke8 49. Ne4 Kf7 50. Nd6+ Kg8 51. Nf5 a5 52. Nxh6+ Kh7 53. Ng4 a4 54. Kd6 1-0